| 000 | 00564nam a2200193Ia 4500 | ||
|---|---|---|---|
| 005 | 20221110083100.0 | ||
| 008 | 131103s9999 xx 000 0 und d | ||
| 040 | _aLoreto College | ||
| 041 | _aEnglish | ||
| 082 |
_a954.02 _bSRI |
||
| 100 | _aSrivastava,Ashirbadi Lal | ||
| 245 | 4 |
_aThe Sultanate of Delhi (711 - 1526 A.D.) _cAshirbadi Lal Srivastava |
|
| 260 |
_aAgra _bShiva Lal Agarwala & Co. _c1989 |
||
| 300 |
_axvi,368 p. _b maps |
||
| 504 | _aIncludes bibliographical references | ||
| 650 | _aHistory - Medieval India | ||
| 850 | _aLCLIB | ||
| 942 | _cBK | ||
| 999 |
_c9556 _d60035 |
||